Breathing flesh : conceptions of the body in the ancient Egyptian Coffin Texts /

محفوظ في:

المؤلف الرئيسي: Nyord, Rune (مؤلف)

التنسيق: كتاب

اللغة: English

منشور في: Copenhagen : Museum Tusculanum Press, 2009.

سلاسل: Carsten Niebuhr Institute of Near Eastern Studies , 37.
CNIP ; 37.

الموضوعات:

الوسوم: إضافة وسم

لا توجد وسوم, كن أول من يضع وسما على هذه التسجيلة!

رقم الطلب: DS41 .C62 v.37

LEADER 00976namaa2200289 4500
001 22428
003 OSt
005 20250821112029.0
008 130303s2009 dk a g b 001 0 eng d
020 |a 9788763526050 
040 |c ARCE Library 
050 4 |a DS41 .C62 v.37 
100 1 |a Nyord, Rune,  |e author  |9 37032 
245 1 0 |a Breathing flesh :  |b conceptions of the body in the ancient Egyptian Coffin Texts /  |c Rune Nyord. 
264 1 |a Copenhagen :  |b Museum Tusculanum Press,  |c 2009. 
300 |a 645 pages :  |b Illustrations ;  |c 30 cm. 
490 1 |a Carsten Niebuhr Institute of Near Eastern Studies ,   |x 0902-5499 ;   |v 37. 
490 1 |a CNIP ;   |v 37. 
504 |a Includes bibliographical references and index. 
555 |a Nabil 
630 0 0 |a Coffin texts. 
650 0 |a Human body  |x Religious aspects. 
830 0 |a Carsten Niebuhr Institute of Near Eastern Studies ,   |x 0902-5499 ;   |v 37. 
830 0 |a CNIP ;   |v 37. 
901 |a reviewed 
942 |c BK  |2 lcc 
999 |c 21410  |d 21410